Quiz zgadnij logo część 2 - Statystyki

Ogólne statystyki
  • Ten quiz został rozwiązany 23 razy
  • Średni wynik to 16 z 20
Statystyki odpowiedzi
Obrazkowy Hint Odpowiedź % Poprawnych
1. Co to jest? Google
100%
2. Co to jest? Lego
100%
3. Co to jest? Puma
100%
13. Co to jest? Facebook
95%
10. Co to jest? Gmail
95%
14. Co to jest? IKEA
95%
9. Co to jest? Instagram
95%
7. Co to jest? Microsoft
95%
4. Co to jest? Spotify
95%
15. Co to jest? Visa
95%
5. Co to jest? Starbucks
90%
11. Co to jest? T-Mobile
90%
6. Co to jest? Xbox
90%
16. Co to jest? ING
85%
20. Co to jest? Gerber
75%
18. Co to jest? Internet Explorer
65%
12. Co to jest? Snikers
55%
19. Co to jest? UPS
50%
17. Co to jest. NBC
10%
8. Co to jest? AT&T
0%
Nie znaleziono quizów pasujących do podanych kryteriów
Rozkład punktacji
Procent ludzi z każdym wynikiem
Percentyl według liczby udzielonych odpowiedzi
Twoja historia wyników
Nie rozwiązałeś tego quizu